MARC

LEADER 00000nam0a2200000 4500
001 147903
005 20231101221327.0
035 |a (RuTPU)RU\TPU\book\160321 
090 |a 147903 
100 |a 20081122d1956 m y0rusy50 ca 
101 0 |a rus 
102 |a RU 
105 |a a j 001zy 
200 1 |a Зарубежная Азия. Физическая география  |e учебное пособие  |f Д. Л. Арманд [и др.] 
210 |a Москва  |c Учпедгиз  |d 1956 
215 |a 608 с.  |c ил. 
320 |a Библиография в конце разделов. 
320 |a Географический указатель: с. 585-607. 
606 |a География  |2 stltpush  |3 (RuTPU)RU\TPU\subj\5918  |9 33902 
610 1 |a Азия 
610 1 |a физическая география 
610 1 |a обзор 
610 1 |a приложения 
610 1 |a учебные пособия 
675 |a 91  |v 3 
701 1 |a Арманд  |b Д. Л.  |g Давид Львович 
701 1 |a Добрынин  |b Б. Ф. 
701 1 |a Ефремов  |b Ю. К. 
701 1 |a Зиман  |b Л. Я. 
701 1 |a Мурзаев  |b Э. М. 
701 1 |a Спрыгина  |b Л. И. 
801 1 |a RU  |b 63413507  |c 20081122  |g PSBO 
801 2 |a RU  |b 63413507  |c 20180112  |g PSBO 
942 |c BK